000
00330nam a22001457a 4500
008
221115b ||||| |||| 00| 0 eng d
020
_a
9780803603639
041
_a
eng
080
_2
third editon
_a
610.73
082
_a
610.73 CAV
100
_a
8
101
_a
INF
245
_a
NURSES MANUAL
_c
CAVABAUGH M.B
942
_2
udc
_c
BK
999
_c
58903
_d
58903